Statistiques concernant top 15 des clubs ayant le plus marqué

Cliquez ici pour prendre le quiz!

Statistiques générales

  • Ce quiz a été pris 119 fois
  • Le résultat moyen est 12 sur 15

Statistiques - réponses

buts marquésclub% Correct
94Manchester City
99%
89Psg/Paris
98%
92Bayern
97%
75Real
97%
70Barcelone
94%
71Inter
91%
83Dortmund
90%
77Naples
87%
88Arsenal
86%
75Liverpool
81%
70Atletico
78%
70Tottenham
52%
70Monaco
38%
69Rennes
38%
72Brighton
31%

Distribution des résultats

Percentile par nombre de réponses

% des personnes avec chaque résultat

Votre développement - résultats

Vous n’avez pas pris ce quiz